Biología /

Guardado en:
Autor Principal: Villee, Claude A
Formato: Libro
Publicado: México-argentina : Interamericana, 0
Edición:3a. ed.
Materias:
Etiquetas: Agregar Etiqueta
Sin Etiquetas, Sea el primero en etiquetar este registro!
LEADER 00484nam a22001815a 4500
001 CEM.cems016228
005 20120529102626.0
008 130507b######################000#0#####d
003 CEMS
020 |a 9701009789 
082 0 4 |a 574 
100 1 |a Villee, Claude A 
245 1 0 |a Biología /  |c Claude A Villee, 
250 |a 3a. ed. 
260 |a México-argentina :  |b Interamericana, 0 
300 |a 688 p. 
653 |a Biología 
859 |a CEMS  |b BIB. CEMS - Agricultura  |h 574  |i V714a3  |p A0393.02  |t Ej.1